野獣先輩のよく使う淫夢語録 - Statistics

General Stats
  • This quiz has been taken 525 times
  • The average score is 6 of 48
Answer Stats
語録 使用方法 % Correct
やりますねぇ! よくやるという意思表示をしたい時に
82%
イキスギィ! 絶頂の直前になったとき
66%
頭にきますよ!! 頭にきた時
45%
810 114514に次ぐ神聖な数字
38%
ないです ないと断定する時。(見たく)ないですなど拒絶・否定する場合。動詞の否定だけでなく、(少)ないですという使い方もある。
28%
暴れんなよ…暴れんなよ… 暴れてる相手を制止したい時
26%
こ↑こ↓ ここに見て欲しいものがある時
26%
はっきりわかんだね 確信している時に
25%
114514 相手の誘いを受け入れる時。沢山ある事を強調したい時。淫夢関連の創作物に最大級の賛辞を贈るときなど。
22%
†悔い改めて† 何かを戒める時に
20%
白菜かけますね 白菜が必要な時
19%
ファッ!? 想定外の出来事に驚いた時に
18%
で、出ますよ・・・ 何かが出そうなとき
17%
~(年齢)歳、(職業)です 自己紹介したい時に
15%
アーイキソ イキそうな時に
14%
お前の事が好きだったんだよ! 告白
14%
ま、多少はね? 多少は許容しようよ的意味で
13%
~して、どうぞ 相手に何かをさせる時
12%
ブッチッパ お察しください
12%
おかのした 仕事を任された時など
11%
これもうわかんねぇな 全く予測や相手の意図が読めない時に
11%
お ま た せ 顧客が望んでいるもの(アニメのネタキャラ枠など)が出てきた時に
9%
ヌッ! MURにしごかれて絶頂に達した時の呻き
9%
菅野美穂 好みの女性のタイプを訊かれた時にでも
8%
王道を征く
6%
ンアッー! 恐怖、絶頂などの時の悲鳴
6%
~だからね、しょうがないね 真っ向な理由があってしょうがない時
5%
ホラホラホラホラ 何かを強いる時に
4%
見とけよ見とけよ~ 何かを勧める時に
4%
ありますあります 自分に経験があるときや、存在がはっきりしているものに。
3%
俺もやったんだからさ 相手に何か行動を促す時
3%
焼けたかな? 日焼けの焼け具合を確認するとき
3%
アイスティーしかなかったんだけどいいかな
2%
オォン!アォン!
2%
この辺がセクシー…エロいっ!! pixivに投下されたエロ絵を評価する時にでも使ったら?(投げやり)
2%
~過ぎィ! 何かの度が越している時
1%
ちょっと歯ぁ当たんよ~ ナニが歯に当たっているとき
1%
伸びた?伸びない? ○○た?○○ない?と応用を利かせて使う。
1%
ヒタヒタ… 地下室に幽閉された遠野に近寄る足音。
1%
ふたいたいは 普段通りであることを説明する時。
1%
あーソレいいよ 賛辞を贈る際にでも
0%
硬くなってんぜ。溜まってんなあおい 相手のチ○コが溜まって硬くなってる時に
0%
じゃけん…しましょうね~ 何かをする予定を立てる時
0%
出しちゃっていいっスか? 上記の続き
0%
ぬわああん疲れたもおおおおおおん 疲れた時に
0%
やっぱ好きなんすねぇ(呆れ) 第三者の好意を確信した時に
0%
辞めたくなりますよ~ 嫌気がさしてきた時
0%
Foo↑気持ちぃ~ 後輩にイラマチオして悦に浸っているとき
0%
No matching quizzes found
Score Distribution
Percent of People with Each Score
Percentile by Number Answered
Your Score History
You have not taken this quiz